What's in Common Quiz Stats

 Plays Quiz not verified by Sporcle

Score 0/22 Timer 07:00
0 Plays Today
Clue Answer % Correct
the most delicious liquid known to man made from fermented grain (usually hops or wheat)Beer
76.1%
a pattern left in the ice from figure skating OR the shape of the infinity symbolFigure-8
74.3%
a salty bread snack commonly sold at ballgamesPretzel
73.5%
the occupation of those on Deadliest CatchFisherman
72.6%
the rope that hangs from the gallowsNoose
71.7%
The snake wound itself into a ________.Coil
70.6%
a bathtub device that prevents draining OR a red lightStopper
66.8%
an equilateral, equiangular quatrilateralSquare
60.6%
a large formation of coralReef
58%
the opposite of straightenBend
51.9%
to trip or stumble on something slickSlip
48.7%
Clue Answer % Correct
a rock band 'led' by Jimmy Page OR the HindenburgZeppelin
47.5%
a movie with Will Smith OR a way to ride for freeHitch
45.5%
Every answer is a type of _________.Knot
44.6%
a force resistant to motionFriction
38.5%
The House of _______ is the ruling family of the UK.Windsor
29.4%
Crisco or lardShortening
25.1%
one of a pair of mechanical devices that grip a ski bootBinding
19%
the motion used both in serving a tennisball and pitching a baseballOverhand
18.7%
the variant of the Dutch language used in BelgiumFlemish
17.2%
a single round of cards played in which the highest card or trump card winsTrick
14%
a 2009 film starring Adrian Brody and Sarah PolleySplice
5.5%

You're not logged in!

Compare scores with friends on all Sporcle quizzes.
OR
Log In

You Might Also Like...

Show Comments

Extras

Created Mar 27, 2010ReportNominate
Tags:common, connected, theme

Top Quizzes Today


Score Distribution

Your Account Isn't Verified!

In order to create a playlist on Sporcle, you need to verify the email address you used during registration. Go to your Sporcle Settings to finish the process.

Report this User

Report this user for behavior that violates our Community Guidelines.

Details: